| 000 | 00391nam a2200145Ia 4500 | ||
|---|---|---|---|
| 008 | 230312s9999||||xx |||||||||||||| ||und|| | ||
| 020 | _a8184311427 | ||
| 082 |
_a621.38153 _bGOD-E |
||
| 100 | _aGodse A.P | ||
| 245 | 0 | _aElectronic circuits and application | |
| 260 |
_bTechnical _aPune _c2007 |
||
| 546 | _aEng. | ||
| 650 |
_aEngineering _vPower BJT, Power amplifier, Oscillators |
||
| 942 | _cBK | ||
| 999 |
_c1703 _d1703 |
||